00360nam a2200133Ia 4500008004100000020001500041041001200056082001100068100002300079245005800102260003700160300000800197650002100205221030s9999 xx 000 0 und d a8177225324 aEnglish a105.23 aK. V. K. K. Prasad 0aSoftware Testing Tools With CDcby K. V. K. K. Prasad bDreamtech PressaNew Delhic2009 a462 aCSE Career Award